Statistiken für Gemeinden im Landkreis Tuttlingen

Klicken Sie hier um das Quiz zu spielen!

Allgemein

  • Dieses Quiz wurde 64 mal gespielt
  • Das Durchschnittsergebnis liegt bei 17 aus 35

Antwortstatistiken

% Korrekt
Tuttlingen
91%
Spaichingen
88%
Trossingen
79%
Gosheim
71%
Hausen ob Verena
71%
Aldingen
68%
Wurmlingen
68%
Wehingen
65%
Fridingen an der Donau
62%
Dürbheim
59%
Rietigheim-Weilheim
59%
Denkingen
56%
Balgheim
53%
Mühlheim an der Donau
53%
Böttingen
50%
Frittlingen
50%
Immendingen
50%
Renquishausen
47%
Seitingen-Oberflacht
47%
Bärenthal
44%
Emmingen-Liptingen
41%
Kolbingen
38%
Neuhausen ob Eck
38%
Talheim
38%
Bubsheim
35%
Egesheim
35%
Geisingen
35%
Gunningen
35%
Königsheim
35%
Durchhausen
32%
Deilingen
29%
Mahlstetten
29%
Buchheim
24%
Reichenbach am Heuberg
21%
Irndorf
18%

Verteilung der Resultate

Perzentil nach korrekt beantworteten Fragen

Anzahl Personen mit jedem Resultat

Ihre Resultats-Entwicklung

Sie haben dieses Quiz noch nicht gespielt